| 000 | 00668pam a2200241 a 4500 | ||
|---|---|---|---|
| 020 | _a0849366801 (set) | ||
| 020 | _a084936681X (v. 1) | ||
| 040 | _cDLC | ||
| 082 | 0 | 0 | _a616 CRC 1988 A091 Or. |
| 245 | 0 | 0 | _aNonadrenergic innervation of blood vessels / |
| 260 |
_aBoca Raton, Fla. : _bCRC Press, _cc1988- |
||
| 300 |
_av. <1 > : _bill. ; _c27 cm. |
||
| 650 | 0 | _aBlood-vessels | |
| 650 | 0 | _aAdrenergic mechanisms. | |
| 650 | 0 | _aRegional blood flow | |
| 650 | 0 | _aNeurotransmitters | |
| 650 | 0 | _aVasomotor system. | |
| 650 | 2 | _aBlood Vessels | |
| 650 | 2 | _aVasomotor System | |
| 700 | 1 | _aBurnstock, Geoffrey. | |
| 700 | 1 | _aGriffith, Susan G., | |
| 942 | _cEK | ||
| 999 |
_c15504 _d15504 |
||